000 00915nam a2200277Ia 4500
003 OSt
005 20221005062426.0
006 a|||||r|||| 00| 0
007 ta
008 221004b |||||||| |||| 00| 0 eng d
020 _a9781786602688 (pbk)
_cUKP 24.95
024 _a44956
037 _b8534, 23/01/2019, Efficient Book Distributors
_cTextual
040 _aCRL
_cCRL
_beng
041 _2eng
_aeng
082 _aY15:(U42), Q7
100 _aPenttinen Elina Au.
_9601818
245 0 _aGender and mobility
_b a critical introduction
260 _aLondon
_bRowman & Littlefield UK
_c2017
300 _axii,181p.
_ccm.
650 _a IMMIGRATION AND EMIGRATION
650 _aFEMINISM
700 _a Kynsilehto Anitta Au.
_9601819
942 _hY15:(U42), Q7
_cTEXL
_2cc
999 _c969690
_d969690